డాక్టర్ సమరాన్నిఅడుగుదాం... / (Record no. 24706)

MARC details
000 -LEADER
fixed length control field 01201nam a22002657a 4500
005 - DATE AND TIME OF LATEST TRANSACTION
control field 20090303151511.0
008 - FIXED-LENGTH DATA ELEMENTS--GENERAL INFORMATION
fixed length control field 090212t xxu||||| |||| 00| 0 eng d
010 ## - LCCN (DPL NO)
LC control number TEL-5036
020 ## - INTERNATIONAL STANDARD BOOK NUMBER
Terms of availability Rs.100.00
035 ## - SYSTEM CONTROL NUMBER
System control number TL-4042
037 ## - SOURCE OF ACQUISITION
Source of stock number/acquisition DBAD / PUB
040 ## - CATALOGING SOURCE
Original cataloging agency dpl
Language of cataloging Telugu
082 ## - DEWEY DECIMAL CLASSIFICATION NUMBER
Classification number 613.96
100 ## - MAIN ENTRY--PERSONAL NAME
Personal name సమరం, జి.
245 ## - TITLE STATEMENT
Title డాక్టర్ సమరాన్నిఅడుగుదాం... /
Statement of responsibility, etc జి.సమరం
246 ## - VARYING FORM OF TITLE
Title proper/short title Doctor Samaraanni adugudhaam...
Remainder of title G.Samaram
260 ## - PUBLICATION, DISTRIBUTION, ETC. (IMPRINT)
Place of publication, distribution, etc విజయవాడ
Name of publisher, distributor, etc ఋషి ప్రచురణలు
Date of publication, distribution, etc 2008
270 ## - ADDRESS
Address మెయిన్ రోడ్, హనుమాన్ పేట
City విజయవాడ
Postal code 520 003
300 ## - PHYSICAL DESCRIPTION
Extent 200పే.
Dimensions 23 సె.మీ.
490 ## - SERIES STATEMENT
Series statement ఇంటింటికి వైద్య విజ్ఞాన గ్రంథాలు
650 ## - SUBJECT ADDED ENTRY--TOPICAL TERM
Topical term or geographic name as entry element సెక్స్(విజ్ఞానం)
General subdivision ఆరోగ్యం
650 ## - SUBJECT ADDED ENTRY--TOPICAL TERM
Topical term or geographic name as entry element Sex (Psychology)
General subdivision Health aspects
942 ## - ADDED ENTRY ELEMENTS (KOHA)
Source of classification or shelving scheme Dewey Decimal Classification
Item type Telugu
Classification part 613.96
Call number suffix / SAM
Holdings
Withdrawn status Lost status Source of classification or shelving scheme Damaged status Not for loan Home library Current library Date acquired Cost, normal purchase price Total Checkouts Full call number Barcode Date last seen Cost, replacement price Koha item type
    Dewey Decimal Classification     D.B.Act.Division D.B.Act.Division 03/03/2009 100.00   613.96 / SAM TL-4042 03/03/2009 100.00 Telugu

© Delhi Public Library
Hit Counter
free hit counter